000 00496nam a22002177a 4500
003 UA-OsUOA
001 56428
007 ta
008 20081027b un ||||| |||| 00| 0 ukr d
100 _aДідушок І.
090 _a32
_bД50
942 _cSA
040 _aUA-OsUOA
_bukr
_cUA-OsUOA
_dUA-OsUOA
245 _aПоновлена у бездіяльності
300 _aС.4
955 _a0
041 _aukr
080 _a32
773 0 _w56426
650 7 _a32 Політика
_2UDC
999 _c342513
_d342513